00661nam a2200169Ia 4500008004100000040001800041041000800059100003700067245006900104260004100173300001800214490002300232650002500255651004900280651002300329710013900352130821s1973 mx gr spa  aCo-BoUCMbspa aspa1 aContreras Granguillhome, Jesús aProblemas actuales de ÁfricacJesús Contreras Granguillhome. aMéxico D.F. (México)bUNAMc1973 a274 páginas aSerie Estudiosv3404aHistoria de África 7aÁfricaxCondiciones económicasxHistoria 7aÁfricaxHistoria1 aUniversidad Nacional Autónoma de México. UNAM.bFacultad de Ciencias Políticas y Sociales.bCentro de Relaciones Internacionales